Microflora associated with phylloplane, cauloplane and rhizosphere of two popular rubber clones at two locations in India (Record no. 47059)
[ view plain ]
| 000 -LEADER | |
|---|---|
| fixed length control field | 01651nam a2200301Ia 4500 |
| 100 ## - MAIN ENTRY--AUTHOR NAME | |
| Personal name | Mathew T |
| 245 #0 - TITLE STATEMENT | |
| Title | Microflora associated with phylloplane, cauloplane and rhizosphere of two popular rubber clones at two locations in India |
| 260 ## - PUBLICATION, DISTRIBUTION, ETC. (IMPRINT) | |
| Name of publisher | Natural Rubber Research |
| Year of publication | 2004 |
| 300 ## - PHYSICAL DESCRIPTION | |
| Number of Pages | 47-52 |
| 520 ## - SUMMARY, ETC. | |
| Summary, etc | Phylloplane, cauloplane and rhizosphere populations of bacteria, fungi, actinomycetes and yeasts associated with the Hevea brasiliensis trees of the three age groups (2-3, 5-6 and 10-11 years) and belonging to two popular clones (RRII 105 and PB 260) grown in two locations (Cheruvally and Malankara Estates) in the traditional rubber growing tract of India were evaluated. Bacteria dominated in all the three niches while the population of yeast was the lowest. Rhizosphere harboured the highest and cauloplane the lowest number of microorganisms. There was no significant variation in microflora between the two clones. In general, there was an increase in microbial population with the age of the plantation but with respect to location there was no general trend. The availability of plant exudates appears to influence the association of microflora on the plant surfaces. |
| 650 ## - SUBJECT ADDED ENTRY--TOPICAL TERM | |
| Topical Term | Age |
| 650 ## - SUBJECT ADDED ENTRY--TOPICAL TERM | |
| Topical Term | Age |
| 650 ## - SUBJECT ADDED ENTRY--TOPICAL TERM | |
| Topical Term | Cauloplane |
| 650 ## - SUBJECT ADDED ENTRY--TOPICAL TERM | |
| Topical Term | Cauloplane |
| 650 ## - SUBJECT ADDED ENTRY--TOPICAL TERM | |
| Topical Term | Clone |
| 650 ## - SUBJECT ADDED ENTRY--TOPICAL TERM | |
| Topical Term | Clone |
| 650 ## - SUBJECT ADDED ENTRY--TOPICAL TERM | |
| Topical Term | Hevea brasiliensis |
| 650 ## - SUBJECT ADDED ENTRY--TOPICAL TERM | |
| Topical Term | Hevea brasiliensis |
| 650 ## - SUBJECT ADDED ENTRY--TOPICAL TERM | |
| Topical Term | Microflora |
| 650 ## - SUBJECT ADDED ENTRY--TOPICAL TERM | |
| Topical Term | Microflora |
| 650 ## - SUBJECT ADDED ENTRY--TOPICAL TERM | |
| Topical Term | Phylloplane |
| 650 ## - SUBJECT ADDED ENTRY--TOPICAL TERM | |
| Topical Term | Phylloplane |
| 650 ## - SUBJECT ADDED ENTRY--TOPICAL TERM | |
| Topical Term | Rhizosphere |
| 650 ## - SUBJECT ADDED ENTRY--TOPICAL TERM | |
| Topical Term | Rhizosphere |
| 700 ## - ADDED ENTRY--PERSONAL NAME | |
| Personal name | Jacob C K |
| 942 ## - ADDED ENTRY ELEMENTS (KOHA) | |
| Koha item type | Articles |
| Withdrawn status | Lost status | Damaged status | Not for loan | Home library | Current library | Shelving location | Date acquired | Serial Enumeration / chronology | Koha item type |
|---|---|---|---|---|---|---|---|---|---|
| Articles | RRII Library | RRII Library | Pathology | 20/12/2021 | Volume 17, Issue 1 | Articles |